L'Albanie entre Byzance et Venise : Xe-XVe siècles /

Bibliographic Details
Main Author: Ducellier, Alain
Format: Book
Language:French
Published: London : Variorum Reprints, 1987.
Series:Collected studies ; CS248.
Subjects:

MARC

Tag First Indicator Second Indicator Subfields
LEADER 00000cam a2200000 a 4500
001 in00000013490
005 20240515174718.0
008 880602s1987 enkab b 001 0 fre
010 |a  87155544  
015 |a GB8700964  |2 bnb 
015 |a b8700964 
019 |a 14933181  |a 59813637  |a 1154819977  |a 1420957298 
020 |a 0860781968 
020 |a 9780860781967 
024 0 0 |a 15634890  |c +UKX 
029 1 |a AU@  |b 000004873094 
029 1 |a AU@  |b 000021975216 
029 1 |a AU@  |b 000057768856 
029 1 |a DEBBG  |b BV003707695 
029 1 |a GBVCP  |b 013131877 
029 1 |a GEBAY  |b 1422113 
029 1 |a HEBIS  |b 007206585 
035 |a (OCoLC)ocm18134557  
035 |a (OCoLC)18134557  |z (OCoLC)14933181  |z (OCoLC)59813637  |z (OCoLC)1154819977  |z (OCoLC)1420957298 
035 |a (OCoLC)ocm18134557  
037 |c £34.00 : CIP rev. 
040 |a DLC  |b eng  |c DLC  |d UKM  |d MUQ  |d NLGGC  |d YDXCP  |d LGG  |d BNM  |d UKV3G  |d GEBAY  |d GBVCP  |d OCLCO  |d OCLCA  |d OCLCF  |d OCLCQ  |d DEBBG  |d UWO  |d OCLCQ  |d OCLCO  |d OCLCA  |d SNU  |d OCLCO  |d OCLCL 
043 |a e-aa--- 
050 0 0 |a DR955  |b .D82 1987 
082 0 0 |a 949.6/501  |2 19 
084 |a 15.70  |2 bcl 
084 |a NM 9550  |2 rvk 
100 1 |a Ducellier, Alain. 
245 1 2 |a L'Albanie entre Byzance et Venise :  |b Xe-XVe siècles /  |c Alain Ducellier. 
260 |a London :  |b Variorum Reprints,  |c 1987. 
300 |a approximately 346 pages in various pagings :  |b illustrations, maps ;  |c 23 cm 
336 |a text  |b txt  |2 rdacontent 
337 |a unmediated  |b n  |2 rdamedia 
338 |a volume  |b nc  |2 rdacarrier 
490 1 |a Variorum reprint ;  |v CS248 
500 |a Collection of essays. 
504 |a Includes bibliographical references and index. 
651 0 |a Albania  |x History  |y To 1501. 
651 0 |a Albania  |x Antiquities. 
651 6 |a Albanie  |x Histoire  |y Jusqu'à 1501. 
651 6 |a Albanie  |x Antiquités. 
650 7 |a Antiquities.  |2 fast  |0 (OCoLC)fst00810745 
651 7 |a Albania.  |2 fast  |0 (OCoLC)fst01226682  |1 https://id.oclc.org/worldcat/entity/E39PBJqqCtcDcw6YhVrpg96tKd 
651 7 |a Albanien  |2 gnd 
650 0 7 |a Geschichte (1000-1500)  |2 swd 
650 7 |a Aufsatzsammlung  |2 gnd 
650 0 7 |a Geschichte 900-1500.  |2 swd 
648 7 |a To 1501  |2 fast 
653 |a Albania, 1000-1600 - French texts 
655 4 |a Aufsatzsammlung. 
655 7 |a History.  |2 fast  |0 (OCoLC)fst01411628 
758 |i has work:  |a L'Albanie entre Byzance et Venise Xee siècles (Text)  |1 https://id.oclc.org/worldcat/entity/E39PCYhYTFTQDWWBJggrDhMbxC  |4 https://id.oclc.org/worldcat/ontology/hasWork 
776 0 8 |i Online version:  |a Ducellier, Alain.  |t Albanie entre Byzance et Venise.  |d London : Variorum Reprints, 1987  |w (OCoLC)567992348 
830 0 |a Collected studies ;  |v CS248. 
938 |a YBP Library Services  |b YANK  |n 100251316 
948 |h HELD BY TXA - 113 OTHER HOLDINGS 
994 |a Z0  |b TXA 
999 f f |s 8f7fa0f0-0a84-3d30-9710-febc94ebe745  |i 0cc31347-6bc7-3dad-b315-a98ab26cc2b2  |t 0 
952 f f |p ric  |a Texas A&M University  |b Rellis Campus  |c Joint Library Facility  |d Remote Storage  |t 0  |e DR955 .D82 1987  |h Library of Congress classification  |i unmediated -- volume  |k v.1  |m A14811042339 
998 f f |a DR955 .D82 1987  |t 0  |l Remote Storage